| 000 | 00851nam a2200289Ia 4500 | ||
|---|---|---|---|
| 003 | OSt | ||
| 005 | 20221005062423.0 | ||
| 006 | a|||||r|||| 00| 0 | ||
| 007 | ta | ||
| 008 | 221004b |||||||| |||| 00| 0 eng d | ||
| 020 |
_a9781138646179 (pbk) _cUKP 24.99 |
||
| 024 | _a41284 | ||
| 037 |
_b278/2018-19, 24/01/2019, Sai Global India Books _cTextual |
||
| 040 |
_aCRL _cCRL _beng |
||
| 041 |
_2eng _aeng |
||
| 082 | _aS:56-86, Q8 | ||
| 100 |
_aHammen Constance _988601 |
||
| 245 | 0 | _aDepression | |
| 250 | _a3rd | ||
| 260 |
_aLondon _bRoutledlge UK _c2018 |
||
| 300 |
_avi,283p. _ccm. |
||
| 490 | _aClinical psychology: modular course | ||
| 650 | _a PSYCHOLOGY | ||
| 650 | _aDEPRESSION | ||
| 942 |
_hS:56-86, Q8 _cTEXL _2cc |
||
| 999 |
_c969669 _d969669 |
||